Medical Terminology A short Course (Record no. 350820)
[ view plain ]
| 000 -LEADER | |
|---|---|
| fixed length control field | 00318nam a2200121Ia 4500 |
| 008 - FIXED-LENGTH DATA ELEMENTS--GENERAL INFORMATION | |
| fixed length control field | 171211s9999 xx 000 0 und d |
| 020 ## - INTERNATIONAL STANDARD BOOK NUMBER | |
| International Standard Book Number | 9781455758302 |
| 100 ## - MAIN ENTRY--PERSONAL NAME | |
| Personal name | Chabner, Davi-Ellen |
| 245 ## - TITLE STATEMENT | |
| Title | Medical Terminology A short Course |
| 250 ## - EDITION STATEMENT | |
| Edition statement | 7th Edition |
| 260 ## - PUBLICATION, DISTRIBUTION, ETC. (IMPRINT) | |
| Name of publisher, distributor, etc | Elsevier, Inc. |
| Date of publication, distribution, etc | 2015 |
| 300 ## - PHYSICAL DESCRIPTION | |
| Extent | 415 pages |
| Withdrawn status | Lost status | Source of classification or shelving scheme | Damaged status | Home library | Current library | Shelving location | Date acquired | Source of acquisition | Total Checkouts | Total Renewals | Full call number | Barcode | Date last seen | Date checked out | Price effective from | Koha item type |
|---|---|---|---|---|---|---|---|---|---|---|---|---|---|---|---|---|
| Library of Congress Classification | South SEED-LPDH College Library | South SEED-LPDH College Library | South SEED-LPDH College Section | 12/11/2017 | Library Fund | 1 | 11 | R 123 .C427 2015 | SSLC1464 | 04/02/2019 | 01/28/2019 | 12/11/2017 | Books |